000 01149nma a22002057a 4500
003 NALT
005 20251002142237.0
006 g q ||
008 th tha d
040 _aNALT
041 _atha
090 _aCD 2472
110 2 _aธนาคารเพื่อการส่งออกและนำเข้าแห่งประเทศไทย.
_92469
245 1 0 _aรายงานประจำปี 2557 ธนาคารเพื่อการส่งออกและนำเข้าแห่งประเทศไทย /
_cธนาคารเพื่อการส่งออกและนำเข้าแห่งประเทศไทย.
260 _aกรุงเทพฯ :
_bธนาคารเพื่อการส่งออกและนำเข้าแห่งประเทศไทย,
_cม.ป.ป..
300 _a1 แผ่น :
_bSd., Col.
610 2 4 _aธนาคารเพื่อการส่งออกและนำเข้าแห่งประเทศไทย.
_92469
850 _aNALT
942 _cCD
_2local
999 _c74135
_d74135
998 _j104
_k นางสาวสายฝน ดีงาม